| 000 | 01071nam a2200289 i 4500 | ||
|---|---|---|---|
| 001 | bg | ||
| 100 | 1 |
_aMaddala, G. S. _d(1933-1999). |
|
| 245 | 1 | 0 |
_aEkonometria / _cG.S. Maddala ; przekł. Marek Gruszczyński, Emilia Tomczyk, Bartosz Witkowski ; red nauk. przekł. Marek Gruszczyński ; aut. indeksu Emilia Tomczyk, Bartosz Witkowski. |
| 246 |
_iTyt. oryg.: _aIntroduction to econometrics |
||
| 260 |
_aWarszawa : _bWydawnictwo Naukowe PWN, _c2006. |
||
| 300 |
_a704 s. : _bwykr. ; _c24 cm. |
||
| 500 | _aTyt. oryg.: "Introduction to econometrics", 3rd ed. | ||
| 504 | _aBibliogr. | ||
| 650 | 9 | _aEkonometria | |
| 655 | _aPodręczniki akademickie | ||
| 700 | 1 |
_aGruszczyński, Marek _d(1948- ). _eTł. |
|
| 700 | 1 |
_aTomczyk, Emilia. _eTł. |
|
| 700 | 1 |
_aWitkowski, Bartosz. _eTł. |
|
| 020 | _a8301146389 | ||
| 040 | _cBPK | ||
| 041 | 1 | _apol | |
| 080 | _a330.43(075.8) | ||
| 920 | _a83-01-14638-9 | ||
| 942 | _cKS | ||
| 008 | s pl f |000 0 pol | ||
| 999 |
_c52212 _d52212 |
||
| 856 |
_uhttp://koha.tu.koszalin.pl/cgi-bin/koha/opac-detail.pl?biblionumber=52212 _yKatalog online BPK |
||